00419nam a2200109Ia 4500008004100000100002100041245010900062260003000171300001800201650002200219856006800241160712s9999 xx 000 0 und d aSampan, Faith M. cFaith M. Sampan, Marie Grace A. GomezaSources of Sport Confidence of Student Athletes with Disabilities c2015bEducation Quarterly avol. 73 no. 1 xSPECIAL EDUCATION uhttp://journals.upd.edu.ph/index.php/edq/article/view/4873/4397